|
|
|
|
| LEADER |
01868nam a22003257a 4500 |
| 003 |
GR-PaULI |
| 005 |
20210117210536.0 |
| 008 |
180115s2016 njuae||f |||| 00| 0 eng d |
| 020 |
|
|
|a 9780470402177
|
| 040 |
|
|
|a GR-PaULI
|b gre
|c GR-PaULI
|
| 082 |
0 |
4 |
|a 712
|
| 100 |
|
|
|9 166570
|a Ware, Chuck
|e συγγραφέας.
|
| 245 |
1 |
0 |
|a Landscape architecture documentation standards : |b principles, guidelines, and best practices /
|b [prepared by] Design Workshop ; [primary author, Chuck Ware ; supporting content and editing, Kurt Culbertson, Paul Squadrito ; professional peer review contributors, James Urban and nine others]
|
| 260 |
|
|
|a Hoboken, New Jersey :
|b John Wiley & Sons, Inc.,
|c [2016]
|
| 300 |
|
|
|a v, 424 σ. :
|b εικ. ;
|c 22 x 28 εκ.
|
| 504 |
|
|
|a Περιλαμβάνει βιβλιογραφικές αναφορές και ευρετήριο.
|
| 505 |
2 |
|
|a Section one: Establishing the foundation -- Section two: Phases overview -- Section three: Guidelines and best practices.
|
| 610 |
|
0 |
|9 166574
|a Design Workshop, Inc.
|
| 650 |
|
0 |
|9 110489
|a Αρχιτεκτονική τοπίου
|x Εγχειρίδια, πρότυπα κ.λ.π.
|
| 650 |
|
0 |
|9 92435
|a Κατασκευαστική βιομηχανία
|x Εγχειρίδια κλπ.
|
| 650 |
|
0 |
|9 166575
|a Εργοτάξια
|x Σχεδιασμός
|
| 650 |
|
0 |
|9 166576
|a Χρήση γης
|x Σχεδιασμός
|
| 700 |
1 |
|
|9 166571
|a Culbertson, Kurt
|e επιμελητής.
|
| 700 |
1 |
|
|9 166572
|a Squadrito, Paul
|e επιμελητής.
|
| 700 |
1 |
|
|9 166573
|a Urban, James
|e συντελεστής.
|
| 710 |
2 |
|
|9 166574
|a Design Workshop, Inc.
|
| 942 |
|
|
|2 ddc
|c BK15
|
| 952 |
|
|
|0 0
|1 0
|2 ddc
|4 0
|6 712_000000000000000_WAR
|7 0
|9 218917
|a ARCH
|b ARCH
|d 2018-01-15
|i 011076
|l 0
|o 712 WAR
|p 025000203841
|r 2018-01-15 00:00:00
|t 1
|v 2018.00
|w 2018-01-15
|y BK15
|
| 998 |
|
|
|c ΚΗΠΟΥΡΓΟΥ
|d 2018-01
|
| 999 |
|
|
|c 132506
|d 132506
|